| 000 | 00755cam a2200193Ia 4500 | ||
|---|---|---|---|
| 040 | _cDLC | ||
| 082 | _a634 UNE 1992 C074 Or. | ||
| 100 | _aUnesco Principal Regional Office for Asia and the Pacific | ||
| 245 | 0 | 0 |
_aFAO-UNESCO Workshop and project proposal on FOCUS : _bforests and cultures in Asia/ |
| 260 |
_aBangkok : _bUnesco Principal Regional Office for Asia and the Pacific, _c1992 |
||
| 300 |
_a68 p. : _bill. ; _c27 cm |
||
| 500 | _aAt head of title : Asia and the Pacific Programme of Educational Innovation for Development | ||
| 650 | 0 | _aManagement | |
| 650 | 0 | _aBusiness education | |
| 650 | 0 | _aCareer education | |
| 710 | 2 | _aAsia and the Pacific Programme of Educational Innovation for Development | |
| 710 | 2 | _aUnesco. | |
| 942 | _cAEDBB | ||
| 999 |
_c22556 _d22556 |
||